LEADER 04462nam 2200733Ia 450 001 9910789620803321 005 20220415032137.0 010 $a0-8014-5983-4 024 7 $a10.7591/9780801459832 035 $a(CKB)2670000000078902 035 $a(EBL)3137921 035 $a(OCoLC)922998042 035 $a(SSID)ssj0000536652 035 $a(PQKBManifestationID)11354916 035 $a(PQKBTitleCode)TC0000536652 035 $a(PQKBWorkID)10550069 035 $a(PQKB)10742953 035 $a(OCoLC)726824179 035 $a(MdBmJHUP)muse28836 035 $a(DE-B1597)503384 035 $a(OCoLC)1059297257 035 $a(DE-B1597)9780801459832 035 $a(Au-PeEL)EBL3137921 035 $a(CaPaEBR)ebr10457542 035 $a(MiAaPQ)EBC3137921 035 $a(EXLCZ)992670000000078902 100 $a20060223d2006 uy 0 101 0 $aeng 135 $aurnn#---|u||u 181 $ctxt 182 $cc 183 $acr 200 10$aFighting for rights$b[electronic resource] $emilitary service and the politics of citizenship /$fRonald R. Krebs 210 $aIthaca, N.Y. $cCornell University Press$d2006 215 $a1 online resource (280 p.) 225 1 $aCornell studies in security affairs 300 $aDescription based upon print version of record. 311 0 $a0-8014-4465-9 320 $aIncludes bibliographical references and index. 327 $tFront matter --$tContents --$tAcknowledgments --$tArchival Sources and Abbreviations --$t1. A School for the Nation? --$t2. The Power of Military Service --$tPart I: The IDF and the Making of Israel. The Jewish State and Its Arab Minorities --$tIntroduction --$t3. Confronting a Land with People --$t4. Two Roads to Jerusalem --$t5. Military Rites, Citizenship Rights, and Republican Rhetoric --$tConclusion --$tPart II. The Perpetual Dilemma: Race and the U.S. Armed Forces --$tIntroduction --$t6. Great War, Great Hopes, and the Perils of Closing Ranks --$t7. Good War, Cold War, and the Limits of Liberalism --$tConclusion --$t8. Unusual Duties, Usual Rights: Soldiering and Citizenship --$tNotes --$tIndex 330 $aLeaders around the globe have long turned to the armed forces as a "school for the nation." Debates over who serves continue to arouse passion today because the military's participation policies are seen as shaping politics beyond the military, specifically the politics of identity and citizenship. Yet how and when do these policies transform patterns of citizenship? Military service, Ronald R. Krebs argues, can play a critical role in bolstering minorities' efforts to grasp full and unfettered rights. Minority groups have at times effectively contrasted their people's battlefield sacrifices to the reality of inequity, compelling state leaders to concede to their claims. At the same time, military service can shape when, for what, and how minorities have engaged in political activism in the quest for meaningful citizenship. Employing a range of rich primary materials, Krebs shows how the military's participation policies shaped Arab citizens' struggles for first-class citizenship in Israel from independence to the mid-1980s and African Americans' quest for civil rights, from World War I to the Korean War. Fighting for Rights helps us make sense of contemporary debates over gays in the military and over the virtues and dangers of liberal and communitarian visions for society. It suggests that rhetoric is more than just a weapon of the weak, that it is essential to political exchange, and that politics rests on a dual foundation of rationality and culture. 410 0$aCornell studies in security affairs. 606 $aSociology, Military$zUnited States 606 $aSociology, Military$zIsrael 606 $aCivil-military relations$zUnited States 606 $aCivil-military relations$zIsrael 606 $aCitizenship$zUnited States 606 $aCitizenship$zIsrael 607 $aUnited States$xArmed Forces$xMinorities 615 0$aSociology, Military 615 0$aSociology, Military 615 0$aCivil-military relations 615 0$aCivil-military relations 615 0$aCitizenship 615 0$aCitizenship 676 $a306.2/70973 700 $aKrebs$b Ronald R.$f1974-$01510240 801 0$bMiAaPQ 801 1$bMiAaPQ 801 2$bMiAaPQ 906 $aBOOK 912 $a9910789620803321 996 $aFighting for rights$93808844 997 $aUNINA LEADER 05145nam 2200673 a 450 001 9911018808203321 005 20200520144314.0 010 $a9786610839377 010 $a9781119196723 010 $a1119196728 010 $a9781280839375 010 $a1280839376 010 $a9780470139578 010 $a0470139579 035 $a(CKB)1000000000356972 035 $a(EBL)291454 035 $a(OCoLC)304072280 035 $a(SSID)ssj0000155001 035 $a(PQKBManifestationID)11161042 035 $a(PQKBTitleCode)TC0000155001 035 $a(PQKBWorkID)10104948 035 $a(PQKB)10004092 035 $a(MiAaPQ)EBC291454 035 $a(Perlego)2768077 035 $a(EXLCZ)991000000000356972 100 $a20061102d2007 uy 0 101 0 $aeng 135 $aur|n|---||||| 181 $ctxt 182 $cc 183 $acr 200 10$aFinancial instruments and institutions $eaccounting and disclosure rules /$fStephen G. Ryan 205 $a2nd ed. 210 $aHoboken, N.J. $cJohn Wiley & Sons$dc2007 215 $a1 online resource (530 p.) 300 $aDescription based upon print version of record. 311 08$a9780470040379 311 08$a0470040378 320 $aIncludes bibliographical references and index. 327 $aFinancial Instruments and Institutions; Contents; Preface; WHY I WROTE THE BOOK; ENRON, SARBANES-OXLEY, AND CHANGES IN FINANCIAL REPORTING RULES FOR STRUCTURED FINANCE TRANSACTIONS; TOPICAL COVERAGE AND STRUCTURE OF THE BOOK; SIGNIFICANT CHANGES FROM THE FIRST EDITION; Acknowledgments; Chapter 1: Financial Instruments and Institutions; MAIN INGREDIENTS OF THE ANALYSIS OF FINANCIAL INSTRUMENTS; ACTIVITIES AND RISKS OF FINANCIAL INSTITUTIONS; VALUATION OF FINANCIAL INSTITUTIONS IN PRACTICE; NOTES; Chapter 2: Nature and Regulation of Depository Institutions; ACTIVITIES OF DEPOSITORY INSTITUTIONS 327 $aBANK REGULATIONBANK SUBTYPES; RECENT TRENDS; NOTES; Chapter 3: Thrifts; FINANCIAL STATEMENT STRUCTURE; MAIN RISK-RETURN TRADE-OFFS AND FINANCIAL ANALYSIS ISSUES; NOTES; Chapter 4: Interest Rate Risk and Net Interest Earnings; VIEWS OF INTEREST RATE RISK; INTEREST RATE RISK CONCEPTS; ANALYSIS OF NET INTEREST EARNINGS; RATE-VOLUME ANALYSIS; REPRICING GAP DISCLOSURES; NOTES; Chapter 5: Credit Risk and Losses; ECONOMICS OF CREDIT RISK; ACCOUNTS FOR LOANS AND LOAN LOSSES; ACCOUNTING AND DISCLOSURE RULES FOR UNIMPAIRED LOANS; ACCOUNTING AND DISCLOSURE RULES FOR IMPAIRED LOANS 327 $aLOAN PORTFOLIO QUALITY AND LOAN LOSS RESERVE ADEQUACYRESEARCH ON BANKS' LOAN LOSS RESERVES; APPENDIX 5A: SUNTRUST BANKS-AFTER THE RESTATEMENT; NOTES; Chapter 6: Fair Value Accounting for Financial Instruments: Concepts, Disclosures, and Investment Securities; FAIR VALUE ACCOUNTING FOR FINANCIAL INSTRUMENTS; DISCLOSURES OF THE FAIR VALUE OF FINANCIAL INSTRUMENTS; INVESTMENT SECURITIES; APPENDIX 6A: WASHINGTON FEDERAL'S BIG GAP; NOTES; Chapter 7: Mortgage Banks; MORTGAGE BANKING INDUSTRY, MAJOR PLAYERS, AND ACTIVITIES; FINANCIAL STATEMENT STRUCTURE 327 $aMAIN RISK-RETURN TRADE-OFFS AND FINANCIAL ANALYSIS ISSUESACCOUNTING FOR FEES AND COSTS; NOTES; Chapter 8: Securitizations; WHY AND WHAT?; SECURITIZATION STRUCTURES; SFAS NO. 140; FINANCIAL ANALYSIS ISSUES; EMPIRICAL RESEARCH ON SECURITIZATIONS; SERVICING RIGHTS AND PREPAYMENT-SENSITIVE SECURITIES; APPENDIX 8A: DORAL FINANCIAL'S INTERESTING INTEREST-ONLY STRIPS; NOTES; Chapter 9: Elements of Structured Finance Transactions; SPECIAL-PURPOSE/VARIABLE-INTEREST ENTITIES; RELATED TRANSACTIONS; HYBRID FINANCIAL INSTRUMENTS; FINANCIAL GUARANTEES 327 $aRECENT SEC DECISIONS REGARDING STRUCTURED FINANCE TRANSACTIONSNOTES; Chapter 10: Commercial Banks; BALANCE SHEET; INCOME STATEMENT; CASH FLOW STATEMENT; NOTES; Chapter 11: Derivatives and Hedging; DERIVATIVES; HEDGING; SFAS NO. 133 (1998), AS AMENDED; FRAMEWORK FOR ASSESSING FINANCIAL INSTITUTIONS' DERIVATIVES AND HEDGING; NOTES; Chapter 12: Market Risk Disclosures; OVERVIEW OF FRR NO. 48 (1997); TABULAR FORMAT; SENSITIVITY APPROACH; VALUE-AT-RISK APPROACH; COMPARISON OF DISCLOSURE APPROACHES; EFFECT OF SUNTRUST'S DERIVATIVES AND HEDGING ON ITS MARKET RISK; RESEARCH 327 $aAPPENDIX 12A: BANK OF AMERICA'S DERIVATIVES, HEDGING, AND MARKET RISK 330 $aThis book is an authoritative guide to the accounting and disclosure rules for financial institutions and instruments. It provides guidance from a "fair value" perspective and demonstrates the simplest and most natural measurement basis for reporting financial instruments, as is relevant for thrifts, mortgage banks, commercial banks, and property-casualty and life insurers. 606 $aFinancial instruments$xAccounting 606 $aFinancial institutions$xAccounting 615 0$aFinancial instruments$xAccounting. 615 0$aFinancial institutions$xAccounting. 676 $a657/.76 700 $aRyan$b Stephen G$01838846 801 0$bMiAaPQ 801 1$bMiAaPQ 801 2$bMiAaPQ 906 $aBOOK 912 $a9911018808203321 996 $aFinancial instruments and institutions$94417925 997 $aUNINA